The foundation for missions / (Record no. 1763)

MARC details
000 -LEADER
fixed length control field 00659nam a2200229 a 4500
001 - CONTROL NUMBER
control field 3718835
003 - CONTROL NUMBER IDENTIFIER
control field GBCCL
005 - DATE AND TIME OF LATEST TRANSACTION
control field 20241126110409.0
008 - FIXED-LENGTH DATA ELEMENTS--GENERAL INFORMATION
fixed length control field 810429s1981 tnu 000 0 eng
010 ## -
-- 80067460
020 ## - INTERNATIONAL STANDARD BOOK NUMBER
International Standard Book Number 0805463259 (pbk.)
040 ## - CATALOGING SOURCE
Original cataloging agency DLC
Transcribing agency DLC
Modifying agency DLC
050 00 -
-- BV2073
-- .S65
082 00 - DEWEY DECIMAL CLASSIFICATION NUMBER
Classification number 266
Edition information 19
Item number STA
100 1# - MAIN ENTRY--PERSONAL NAME
Personal name Starkes, M. Thomas.
9 (RLIN) 3650
245 14 - TITLE STATEMENT
Title The foundation for missions /
Statement of responsibility, etc. M. Thomas Starkes.
260 ## - PUBLICATION, DISTRIBUTION, ETC.
Place of publication, distribution, etc. Nashville, Tenn. :
Name of publisher, distributor, etc. Broadman Press,
Date of publication, distribution, etc. c1981.
300 ## - PHYSICAL DESCRIPTION
Extent 192 p. ;
Dimensions 21 cm.
650 #0 - SUBJECT ADDED ENTRY--TOPICAL TERM
Topical term or geographic name entry element Missions
General subdivision Biblical teaching.
9 (RLIN) 481
906 ## - LOCAL DATA ELEMENT F, LDF (RLIN)
a 7
b cbc
c orignew
d 2
e opcn
f 19
g y-gencatlg
942 ## - ADDED ENTRY ELEMENTS (KOHA)
Source of classification or shelving scheme Dewey Decimal Classification
Koha item type Books
Koha issues (borrowed), all copies 2
Holdings
Withdrawn status Lost status Source of classification or shelving scheme Damaged status Not for loan Home library Current Library Shelving location Date acquired Total checkouts Full call number Barcode Date last seen Date last checked out Copy number Price effective from Koha item type
    Dewey Decimal Classification     GRACE BIBLE COLLEGE GRACE BIBLE COLLEGE Ministry & Mission 2017-05-25 2 266 STA 006679 2025-05-01 2024-02-26 c.1 2017-05-25 Books
© Grace Bible College Library 2025